15 Largest Cities in Belarus🇧🇾 - Statistics

General Stats
  • This quiz has been taken 66 times
  • The average score is 7 of 15
Answer Stats
Population City % Correct
1.7 mil Minsk
100%
300k Brest
88%
480k Gomel
79%
342k Vitebsk
66%
130k Pinsk
54%
317k Hrodna
45%
168k Baranovichi
43%
125k Orsha
43%
220k Babruysk
38%
143k Barysaw
32%
112k Mazyr
30%
101k Salihorsk
29%
369k Mahilyow
21%
105k Malinovka
0%
120k Novoye Medvezhino
0%
No matching quizzes found
Score Distribution
Percent of People with Each Score
Percentile by Number Answered
Your Score History
You have not taken this quiz